|
|
|
|
| LEADER |
00000nab a2200000 a 4500 |
| 001 |
vtls000196767 |
| 003 |
SK-MaSNL |
| 005 |
20260304233904.0 |
| 008 |
250423c1984 xo 0 slo |
| 015 |
|
|
|a SNBRB19rr/mm-uuuuu
|
| 035 |
|
|
|a CL0206880
|
| 035 |
|
|
|a urn:nbn:sk:snk-ab1nrc
|
| 035 |
|
|
|a (urnnbn)urn:nbn:sk:snk:ar-004n14
|
| 035 |
|
|
|a (uuid)55b42c3c-cec5-4bbd-ad16-7738cab0fc0c
|
| 040 |
|
|
|a SNKBUCL
|b slo
|c SNKBUCL
|e AACR2
|
| 041 |
0 |
|
|a slo
|
| 044 |
|
|
|a xo
|c SK
|
| 080 |
|
|
|a 633.1
|2 1981
|
| 080 |
|
|
|a 633.491
|2 1981
|
| 080 |
|
|
|a 632.122
|2 1981
|
| 100 |
1 |
|
|a Maňkovská, Blanka,
|d 1942-
|4 aut
|9 97613
|
| 245 |
1 |
0 |
|a Kontaminácia obilia, zemiakov a kukurice fluórom a sírou
|c Blanka Maňkovská
|
| 300 |
|
|
|b Tb. 4. Res. angl., rus., lit. 17 zázn. v slov., angl., nem.
|
| 650 |
0 |
7 |
|a obilniny
|2 snkbucl
|9 19007
|
| 650 |
0 |
7 |
|a zemiaky
|2 snkbucl
|9 2709
|
| 650 |
0 |
7 |
|a kukurica
|2 snkbucl
|9 16138
|
| 650 |
0 |
7 |
|a imisie
|2 snkbucl
|9 14222
|
| 650 |
0 |
7 |
|a fluór
|2 snkbucl
|9 21235
|
| 650 |
0 |
7 |
|a síra
|2 snkbucl
|9 17193
|
| 655 |
|
7 |
|a články z novín a časopisov
|2 snkbucl
|9 267496
|
| 773 |
0 |
|
|t Poľnohospodárstvo
|g Roč. 30, č. 9 (1984), s. 815-821
|
| 850 |
|
|
|a Slovenská národná knižnica
|
| 852 |
|
|
|a Slovenská národná knižnica
|
| 954 |
|
|
|a odborná, vedecká literatúra pôvodná (slovenská)
|2 lita
|
| 958 |
|
|
|a article27
|
| 958 |
|
|
|a NB
|
| 958 |
|
|
|a RK
|
| 958 |
|
|
|a OND
|
| 958 |
|
|
|a EUIPO
|
| 992 |
|
|
|a RBX
|
| 999 |
|
|
|c 3200720
|d 3202650
|